003550000a220010900045001000023000002450036000233000045000597730026001049420008001309520090001389990017002281 aMcConnell, Cecilio10a"Custodiados ...para alcanzar" aNum. 20 (Octubre, 1982), Páginas 40-440 tDiálogo teológico cANA 001040708HEMaFUSBCbFUSBCd2016-01-26l0o r2016-01-26 00:00:00w2016-01-26yANA c53325d53325